000 00640cam a22002293a 4500
001 18623
003 PGUSA
005 20140828083409.0
008 060619s2006||||xxu|||||s|||||000 1 eng d
040 _aPGUSA
_beng
042 _adc
050 4 _aPQ
100 1 _aChavette, Eugène,
_d1827-1902
245 1 0 _aLe saucisson à pattes I :
_bFil-à-beurre
_h[electronic resource] /
_cEugène Chavette
260 _bProject Gutenberg,
_c2006
506 _aPublic domain in the USA.
516 _aElectronic text
653 _aFiction
830 0 _aProject Gutenberg
_v18623
856 4 0 _uhttp://www.gutenberg.org/ebooks/18623
942 _cEB
999 _c247878
_d247878